| 000 | 01234nam a2200277 a 4500 | ||
|---|---|---|---|
| 001 | BRL_875 | ||
| 005 | 20190320210932.0 | ||
| 008 | 211013s1989----u--a######---#000-0#eng-# | ||
| 020 | _a0890131732 | ||
| 050 | 4 |
_aE78.S7 _b.L33 1989 |
|
| 110 | 2 |
_aLaboratory of Anthropology (Museo de Nuevo México) _925207 |
|
| 245 | 1 | 0 |
_aI Am Here _btwo thousand years of Southwest Indian arts and culture _cAndrew Hunter Whiteford ...[et al.] |
| 260 |
_aSanta Fe, New Mexico _bMuseum of New Mexico Press _c1989 |
||
| 300 |
_axii, 209 p. _bil. (algunas a color) _c29 cm. |
||
| 440 | 0 |
_aMuseum of New Mexico Press series in Southwestern culture _925208 |
|
| 500 | _aAu983 | ||
| 504 | _aBibliografía: p. 202-205 | ||
| 610 | 2 | 4 |
_aLaboratory of Anthropology (Museo de Nuevo México) _xCatálogos _925209 |
| 650 | 1 | 4 |
_aArte indígena _vCatálogos _zSuroeste de Nuevo México _925210 |
| 650 | 1 | 4 |
_aIndígenas de América del Norte _vCatálogos _xAntigüedades _zSuroeste de Nuevo México _925211 |
| 650 | 1 | 4 |
_aIndígenas de América del Norte _vCatálogos _xArtesanias _zSuroeste de Nuevo México _925212 |
| 651 | 4 |
_aSuroeste de Nuevo México _vCatálogos _xAntigüedades _925213 |
|
| 700 | 1 |
_aHunter Whiteford, Andrew _925214 |
|
| 902 | _aGRL | ||
| 942 |
_2lcc _cB |
||
| 999 |
_c9687 _d9687 |
||